000
00201nam a22000977a 4500
003
SGT
100
_a
PLKHIVALA N.A.
245
_a
NAVI PLKHIVALA
260
_a
NEW DELHI
_b
UNIVERSAL LAW
942
_2
ddc
_c
CD
999
_c
20070
_d
20070